000 00541nam a22002057a 4500
999 _c16727
_d16727
003 OSt
005 20180320113243.0
008 180320b xxu||||| |||| 00| 0 eng d
020 _a978075068867
040 _cKABU
050 _aTH 435
_b.B76 2011 C.1
100 _aBrook, Martin
245 _aEstimating and Tendering for Construction Work
_bMartin Brook
250 _a4th ed.
260 _aLondon
_bSpon Press
_c2011
300 _axx, 359p.
650 _aBuilding -Estimates
650 _aLetting of contracts
942 _2lcc
_cBK